Algunos factores sociales presentes en la aplicación del modelo de atención integral a la salud del Programa IMSS-Solidaridad /
Uloženo v:
| Korporace: | , |
|---|---|
| Médium: | Text |
| Vydáno: |
México, D.F.:
IMSS
|
| Tagy: |
Přidat tag
Žádné tagy, Buďte první, kdo vytvoří štítek k tomuto záznamu!
|
MARC
| LEADER | 00000 a a2200000 04500 | ||
|---|---|---|---|
| 001 | 22833 | ||
| 003 | |||
| 040 | |||
| 090 | |a 157200 | ||
| 110 | |a Programa IMSS-Solidaridad | ||
| 245 | |a Algunos factores sociales presentes en la aplicación del modelo de atención integral a la salud del Programa IMSS-Solidaridad / |c Programa IMSS-Solidaridad | ||
| 260 | |a México, D.F.: |b IMSS | ||
| 300 | |a 26 p |b il. | ||
| 710 | |a Instituto Mexicano del Seguro Social | ||
| 999 | |c 16828 |d 16828 | ||
